|
|
|
|
| LEADER |
00000nab a2200000 a 4500 |
| 001 |
vtls000749490 |
| 003 |
SK-MaSNL |
| 005 |
20260302191558.0 |
| 008 |
180206c2001 xo 0 slo |
| 015 |
|
|
|a SNBRB2001/03-07480
|
| 035 |
|
|
|a CLN000101300
|
| 040 |
|
|
|a SNKBUCL
|b slo
|c SNKBUCL
|e AACR2
|
| 041 |
0 |
|
|a slo
|
| 044 |
|
|
|a xo
|c SK
|
| 080 |
|
|
|a 796.386.093.1
|2 UDC-MRF-SK2
|
| 245 |
0 |
0 |
|a Sporiteľňa je už jasná
|b 1. liga v stolnom tenise mužov a žien
|
| 650 |
0 |
7 |
|a sezóna 2000/2001
|2 SNK
|9 907353
|
| 650 |
0 |
7 |
|a stolný tenis
|2 SNKPH
|9 25562
|
| 650 |
0 |
7 |
|a 1. liga
|2 SNK
|9 722880
|
| 655 |
|
7 |
|a články z novín a časopisov
|2 SNK
|9 267496
|
| 773 |
0 |
|
|t Šport
|g Roč. 55, č. 42 (20.2.2001), s. 25
|
| 850 |
|
|
|a Slovenská národná knižnica v Martine
|
| 852 |
|
|
|a SNK
|b KIS3GCP
|
| 958 |
|
|
|a RBX
|
| 999 |
|
|
|c 1437814
|d 1439744
|